000 02046nam a22002537a 4500
003 BJBSDDR
005 20260512121439.0
007 ta
008 260512s2008 nyu||||| |||| 00| 0 eng d
020 _a9780393066531
020 _a0393066533
040 _bspa
_cBJBSDDR
041 _aeng
050 _bM915 2008
100 1 _aMostert, Noël.
_948401
245 1 4 _aThe line upon a wind :
_bthe great war at sea, 1793-1815 /
_cNoël. Mostert
250 _a1st American ed
260 _aNew York :
_bW.W. Norton & Co.,
_c2008
300 _axxv, 774 pages :
_billustrations ;
_c2008
505 _aMaps I. THE TACTICAL EVOLUTION. Ocean Navy Century Decade II. THE GREAT WAR, FIRST PHASE, 1793-1805. Wood Shipboard Toulon Buonaparte Corsica Battle Uncertainty Change Triumph Mutiny Tenerife Camperdown Duel Offensive Nile Barbary Neutrality "Quasi-war" Impressed Naples Acre Return Consul Home Baltic Straits Amiens "Temeraire" Resumption Boulogne Tripoli Watch Chase Prelude Trafalgar Aftermath III. THE CONCLUSIVE STRUGGLE, 1805-1816. Appraisal Rampage Sandy Hook Chesapeake Abominable Peninsula Collingwood Cadiz Catalonia Basque roads Expeditionary forces Timor China & Japan Crisis Breakdown "Swallow" Tarragona America War "Macedonian" Reflection Northwest Lakeland Torpedoes Elba Snow march Patuxent New Orleans Adriatic Adieu Algiers Postscript
520 _aIn February 1793 France declared war on Britain, and for the next twenty-two years the Revolutionary and Napoleonic Wars raged. This was to be the longest, cruelest war ever fought at sea, comparable in scale only to the Second World War. New naval tactics were brought to bear, along with such unheard-of weapons as rockets, torpedoes, and submarines. The war on land saw the rise of the greatest soldier the world had ever known--Napoleon Buonaparte--whose vast ambition was thwarted by a genius he never met in person or in battleL: Admiral Horatio Nelson
942 _2lcc
_n0
_cBK
946 _icmc
999 _c127059
_d127059